|
|
|
|
| LEADER |
01469cas a2200241 a 4500 |
| 001 |
AALejournalIMF020146 |
| 008 |
230101c9999 xx r poo 0 0eng d |
| 020 |
|
|
|c 5.00 USD
|
| 020 |
|
|
|z 9781498342629
|
| 022 |
|
|
|a 2663-3493
|
| 040 |
|
|
|a BD-DhAAL
|c BD-DhAAL
|
| 110 |
2 |
|
|a International Monetary Fund.
|
| 245 |
1 |
0 |
|a Staff Guidance Note on Macroprudential Policy.
|
| 264 |
|
1 |
|a Washington, D.C. :
|b International Monetary Fund,
|c 2014.
|
| 300 |
|
|
|a 1 online resource (44 pages)
|
| 490 |
1 |
|
|a Policy Papers
|
| 500 |
|
|
|a <strong>Off-Campus Access:</strong> No User ID or Password Required
|
| 500 |
|
|
|a <strong>On-Campus Access:</strong> No User ID or Password Required
|
| 506 |
|
|
|a Electronic access restricted to authorized BRAC University faculty, staff and students
|
| 520 |
3 |
|
|a This note provides guidance to facilitate the staff's advice on macroprudential policy in Fund surveillance. It elaborates on the principles set out in the 'Key Aspects of Macroprudential Policy,' taking into account the work of international standard setters as well as the evolving country experience with macroprudential policy. The main note is accompanied by supplements offering Detailed Guidance on Instruments and Considerations for Low Income Countries.
|
| 538 |
|
|
|a Mode of access: Internet
|
| 830 |
|
0 |
|a Policy Papers; Policy Paper ;
|v No. 2014/031
|
| 856 |
4 |
0 |
|z Full text available on IMF
|u http://elibrary.imf.org/view/journals/007/2014/031/007.2014.issue-031-en.xml
|z IMF e-Library
|